000 00788nas a2200241 4500
001 BR9604879
003 BR-BrBNA
005 20231205095336.0
007 ta
008 230509b bl.|||p| |||| 00| 00por d
040 _aBR-BrBNA
_bpor
_cBiblioteca Nacional de Agricultura
041 _a(En)
072 _aF30; H20
100 1 _aSoares, A.M.Q.
100 1 _aLopes, C.A.
245 1 _aStability of the resistance to bacterial wilt of the sweet pepper `MC-4' challenged with strains of Pseudomonas solanacearum
650 _aPimentao
650 _aMurcha Bacteriana
650 _aVariedade Resistente
773 0 _tFitopatologia Brasileira (Brazil)
_xISSN 0100-4158
_g(Dec 1995), v. 20(4) p. 638-641
_wBR9604879
909 _a202311
_bLúcia
_c55
_dLúcia Elande
942 _2AGRIS
_n0
_cANA
999 _c150137
_d150137